00812cam a2200241 i 45000010008000000030005000080050017000130080041000300100017000710200025000880400018001130430012001310500020001430820021001631000020001842450052002042600043002563000021002996000020003206500050003408560094003908560086004843667681NUST20221028161707.0770511s1977 nyu 000 0aeng  a 77076640  a0312020317 :c$10.00 aDLCcDLCdDLC ae-uk-en00aSF613.H44bA28500a636.0890924bHER1 aHerriot, James.10aAll things wise and wonderful /cJames Herriot. aNew York :bSt. Martin's Press,c1977. a432 p. ;c22 cm.10aHerriot, James. 0aVeterinarianszEnglandzYorkshirexBiography.423Contributor biographical informationuhttp://www.loc.gov/catdir/bios/hol054/77076640.html423Publisher descriptionuhttp://www.loc.gov/catdir/description/hol042/77076640.html